[Event "Crailsheim op"]
[Site "Crailsheim"]
[Date "2000.??.??"]
[Round "2"]
[White "Stiefel, Frank"]
[Black "Bischoff, Klaus"]
[Result "0-1"]
[WhiteElo "2170"]
[BlackElo "2544"]
[PlyCount "84"]
[EventDate "2000.06.??"]
[EventType "swiss"]
[EventRounds "7"]
[EventCountry "GER"]
[SourceTitle "EXT 2001"]
[Source "ChessBase"]
[SourceDate "2000.11.22"]
[SourceVersion "1"]
[SourceVersionDate "2000.11.22"]
[SourceQuality "1"]

1. d4 Nf6 2. c4 e6 3. Nc3 Bb4 4. Qc2 c5 5. Nf3 cxd4 6. Nxd4 Nc6 7. Nxc6 dxc6 8. Bd2 0-0 9. a3 Be7 10. e4 e5 11. Be2 Nd7 12. 0-0 Nc5 13. Rfd1 Ne6 14. Be3 Qc7 15. Bf1 g6 16. Rd2 Re8 17. Rad1 h5 18. b4 Bf6 19. Ne2 h4 20. h3 Bg5 21. Qc3 Bxe3 22. Qxe3 Qe7 23. Qc3 Qg5 24. Kh1 Qf6 25. Qe3 Ng7 26. Rd6 Be6 27. c5 Nh5 28. a4 Qe7 29. Qd3 Qg5 30. a5 a6 31. Qc3 Nf6 32. f3 Rf8 33. Qc1 Qh5 34. Qc3 Ne8 35. R6d2 Qg5 36. Rc2 Ng7 37. Qd2 Qf6 38. Qc3 Rad8 39. Rcd2 Rxd2 40. Rxd2 Qg5 41. Rd6 Nh5 42. Qc1 Ng3+ 0-1

[Event "Hohenlohe op"]
[Site "Hohenlohe"]
[Date "1995.??.??"]
[Round "?"]
[White "Stiefel, Frank"]
[Black "Klovans, Janis"]
[Result "0-1"]
[WhiteElo "2070"]
[BlackElo "2505"]
[PlyCount "150"]
[EventDate "1995.??.??"]
[EventType "swiss"]
[EventRounds "7"]
[EventCountry "GER"]
[SourceTitle "EXT 2006"]
[Source "ChessBase"]
[SourceDate "2005.11.24"]
[SourceVersion "1"]
[SourceVersionDate "2005.11.24"]
[SourceQuality "1"]

1. b3 e5 2. Bb2 Nc6 3. e3 d6 4. c4 f5 5. g3 Nf6 6. Bg2 g6 7. Ne2 Bg7 8. 0-0 0-0 9. d4 e4 10. a3 Qe8 11. Nbc3 Qf7 12. Nf4 Ne7 13. f3 g5 14. Nh3 exf3 15. Nxg5 fxg2 16. Nxf7 gxf1Q+ 17. Qxf1 Rxf7 18. Nb5 Ng6 19. Qd3 a6 20. Nc3 Bd7 21. Re1 Re8 22. Bc1 f4 23. e4 fxg3 24. hxg3 Ng4 25. Rf1 Rxf1+ 26. Kxf1 Rf8+ 27. Ke1 Nf2 28. Qe3 c5 29. Ne2 cxd4 30. Nxd4 Ne5 31. Nf5 Nfd3+ 32. Kd1 Bxf5 33. exf5 Rxf5 34. Kc2 Nxc1 35. Kxc1 Rf7 36. Kc2 Nc6 37. Qe8+ Bf8 38. b4 Ne5 39. Qe6 Kg7 40. c5 Nc6 41. Qg4+ Kh8 42. cxd6 Bxd6 43. Qc8+ Bf8 44. Kc3 Ne5 45. Kd4 Nf3+ 46. Kd5 Ng5 47. g4 Kg7 48. Qc3+ Kh6 49. Qe5 Be7 50. Kc4 Bf6 51. Qh2+ Kg7 52. a4 Rd7 53. Qg2 Rd4+ 54. Kb3 Ne4 55. Qh2 Nd2+ 56. Kc2 Rd7 57. Qf4 h6 58. Qh2 Nf3 59. Qf4 Ne5 60. Qe4 Nc6 61. b5 axb5 62. axb5 Nd4+ 63. Kc1 Nxb5 64. Qe8 Rc7+ 65. Kd2 Nd4 66. Qb8 Re7 67. Kd3 Nc6 68. Qc8 Ne5+ 69. Kc2 b5 70. Kb3 Nc4 71. Kb4 Re5 72. Qd7+ Kg6 73. Qc8 Ne3 74. Qg8+ Bg7 75. Qc8 Kh7 0-1

[Event "Crailsheim op 1st"]
[Site "Crailsheim"]
[Date "1995.??.??"]
[Round "?"]
[White "Stiefel, Frank"]
[Black "Kuelper, Thomas"]
[Result "1/2-1/2"]
[WhiteElo "1880"]
[BlackElo "1650"]
[PlyCount "54"]
[EventDate "1995.??.??"]
[EventType "swiss"]
[EventRounds "7"]
[EventCountry "GER"]
[SourceTitle "EXT 1999"]
[Source "ChessBase"]
[SourceDate "1998.11.16"]
[SourceVersion "1"]
[SourceVersionDate "1998.11.16"]
[SourceQuality "1"]

1. d4 d5 2. c4 e6 3. Nc3 Nf6 4. Nf3 Nc6 5. Bf4 a6 6. e3 Be7 7. Bd3 0-0 8. c5 b6 9. cxb6 cxb6 10. Rc1 Bb7 11. h3 b5 12. 0-0 Rc8 13. Qe2 Qb6 14. Ne5 Nxe5 15. Bxe5 g6 16. f3 Nd7 17. Bf4 Bf6 18. Bh6 Bg7 19. Bxg7 Kxg7 20. Qf2 f5 21. a3 Qd6 22. Ne2 Rxc1 23. Rxc1 Rc8 24. Rxc8 Bxc8 25. Qg3 Qxg3 26. Nxg3 e5 27. Kf2 e4 1/2-1/2

[Event "Crailsheim op 1st"]
[Site "Crailsheim"]
[Date "1995.??.??"]
[Round "?"]
[White "Stiefel, Frank"]
[Black "Mueller, Andreas3"]
[Result "1/2-1/2"]
[WhiteElo "1880"]
[BlackElo "1605"]
[PlyCount "46"]
[EventDate "1995.??.??"]
[EventType "swiss"]
[EventRounds "7"]
[EventCountry "GER"]
[SourceTitle "EXT 1999"]
[Source "ChessBase"]
[SourceDate "1998.11.16"]
[SourceVersion "1"]
[SourceVersionDate "1998.11.16"]
[SourceQuality "1"]

1. b4 e5 2. Bb2 f6 3. e4 Bxb4 4. Bc4 d6 5. f4 Nc6 6. f5 Nge7 7. Qh5+ g6 8. fxg6 Nxg6 9. Nf3 Qe7 10. Nh4 Qg7 11. Nf5 Qf8 12. 0-0 Bd7 13. c3 Bc5+ 14. Kh1 0-0-0 15. d4 exd4 16. cxd4 Bb6 17. Nd2 Kb8 18. Nb3 Nce7 19. Ng3 Be8 20. Qf3 d5 21. exd5 Qg7 22. Qxf6 Qxf6 23. Rxf6 Nxd5 1/2-1/2